| 000 | 00882nam a2200241 i 4500 | ||
|---|---|---|---|
| 001 | 184445 | ||
| 003 | ES-MaACL | ||
| 005 | 20251015063155.0 | ||
| 008 | 150828s2001 sp f |||| | spa d | ||
| 080 | _a133(420)"15" | ||
| 100 | 1 |
_aYates, Frances Amelia, _d1899-1981 _9157348 |
|
| 245 | 1 | 3 |
_aLa filosofía oculta en la época isabelina / _cFrances A. Yates ; [traducción de Roberto Gómez Ciriza]. |
| 250 | _a1ª ed. en español, 1982; 2ª reimp. | ||
| 260 |
_aMéxico : _bFondo de Cultura Económica, _c2001. |
||
| 300 |
_a332 p., 16 p. de lám. ; _c17 cm. |
||
| 490 | 1 |
_aColección popular (Fondo de Cultura Económica) ; _v232 _9241328 |
|
| 500 | _aÍndice analítico. | ||
| 650 | 0 | 4 |
_aHermetismo. _913332 |
| 650 | 4 |
_aOcultismo- _zInglaterra. _9157349 |
|
| 852 |
_aES-MaACL _jL-30176 _z.- Donat. Miguel A. Velasco |
||
| 942 | _2udc | ||
| 999 |
_c184445 _d184445 |
||